Contabilidad IV: estados financieros consolidados
Сохранить в:
| Главный автор: | |
|---|---|
| Формат: | |
| Язык: | испанский |
| Опубликовано: |
Valparaíso
Universitarias de Valparaíso
1980
|
| Предметы: | |
| Метки: |
Добавить метку
Нет меток, Требуется 1-ая метка записи!
|
MARC
| LEADER | 00000nam a2200000 a 4500 | ||
|---|---|---|---|
| 001 | UCW2807 | ||
| 003 | CL-VaPUC | ||
| 008 | 911104e19800000CL |||||||||||||||||spa|d | ||
| 082 | 0 | 4 | |a 657.3 |b JIM |2 21 |
| 100 | |a Jiménez Bermejo, Patricio |e autor |9 485010 | ||
| 245 | 1 | 0 | |a Contabilidad IV: estados financieros consolidados |
| 300 | |a 109 p | ||
| 942 | |c BK | ||
| 945 | |d 19911104 00:00:00 | ||
| 260 | |a Valparaíso |b Universitarias de Valparaíso |c 1980 | ||
| 650 | 7 | |a CONTABILIDAD ENSEÑANZA |2 CL-VaPUC |9 307118 | |
| 650 | 7 | |a CONSOLIDACION |2 CL-VaPUC |9 307119 | |
| 650 | 7 | |a ESTADOS FINANCIEROS CONSOLIDADOS |2 CL-VaPUC |9 307120 | |
| 583 | |a last modification |c 19911104 00:00:00 |k Rodrigo Vera | ||
| 999 | |c 217247 |d 217245 | ||
| 952 | |0 0 |1 0 |4 0 |6 657_300000000000000_JIM_1980 |7 0 |8 A |9 204355 |a BIBGIM |b BIBGIM |d 2019-11-15 |i 271521K |o 657.3 JIM 1980 |p 271521K |r 2025-01-15 |w 2019-11-15 |y BK |k COM | ||
| 952 | |0 0 |1 0 |4 0 |6 657_300000000000000_JIM_1980 |7 0 |8 A |9 204356 |a BIBGIM |b BIBGIM |d 2019-11-15 |i 2715228 |l 1 |o 657.3 JIM 1980 |p 2715228 |r 2025-01-15 |s 2022-10-07 |w 2019-11-15 |y BK |k COM | ||
| 952 | |0 0 |1 0 |4 0 |6 657_300000000000000_JIM_1980 |7 0 |8 A |9 204357 |a BIBGIM |b BIBGIM |d 2019-11-15 |i 2715236 |o 657.3 JIM 1980 |p 2715236 |r 2025-01-15 |w 2019-11-15 |y BK |k COM | ||
| 952 | |0 0 |1 0 |4 0 |6 657_300000000000000_JIM_1980 |7 0 |8 A |9 204358 |a BIBGIM |b BIBGIM |d 2019-11-15 |i 1943901 |o 657.3 JIM 1980 |p 1943901 |r 2025-01-15 |w 2019-11-15 |y BK |k COM | ||
| 952 | |0 0 |1 0 |4 0 |6 657_300000000000000_JIM_1980 |7 0 |8 A |9 204359 |a BIBGIM |b BIBGIM |d 2019-11-15 |i 1999346 |o 657.3 JIM 1980 |p 1999346 |r 2025-01-15 |w 2019-11-15 |y BK |k COM | ||
| 952 | |0 0 |1 0 |4 0 |6 657_300000000000000_JIM_1980 |7 0 |8 A |9 204360 |a BIBENE |b BIBENE |d 2019-11-15 |i 1408305 |o 657.3 JIM 1980 |p 1408305 |r 2025-01-15 |w 2019-11-15 |y BK |k ICO | ||
| 952 | |0 0 |1 0 |4 0 |6 657_300000000000000_JIM_1980 |7 0 |8 A |9 204361 |a BIBGIM |b BIBGIM |d 2019-11-15 |i 1408356 |o 657.3 JIM 1980 |p 1408356 |r 2025-01-15 |w 2019-11-15 |y BK |k COM | ||
| 952 | |0 0 |1 0 |4 0 |6 657_300000000000000_JIM_1980 |7 0 |8 A |9 204362 |a BIBENE |b BIBENE |d 2019-11-15 |i 1408216 |o 657.3 JIM 1980 |p 1408216 |r 2025-01-15 |w 2019-11-15 |y BK |k ICO | ||
| 952 | |0 0 |1 0 |4 0 |6 657_300000000000000_JIM_1980 |7 0 |8 A |9 204363 |a BIBENE |b BIBENE |d 2019-11-15 |i 1408267 |o 657.3 JIM 1980 |p 1408267 |r 2025-01-15 |w 2019-11-15 |y BK |k ICO | ||
| 952 | |0 0 |1 0 |4 0 |6 657_300000000000000_JIM_1980 |7 0 |8 A |9 204364 |a BIBGIM |b BIBGIM |d 2019-11-15 |i 1408313 |o 657.3 JIM 1980 |p 1408313 |r 2025-01-15 |w 2019-11-15 |y BK |k COM | ||